Resource Economics (Record no. 477102)

MARC details
000 -LEADER
fixed length control field 00620nam a2200217Ia 4500
003 - CONTROL NUMBER IDENTIFIER
control field OSt
005 - DATE AND TIME OF LATEST TRANSACTION
control field 20220925165356.0
008 - FIXED-LENGTH DATA ELEMENTS--GENERAL INFORMATION
fixed length control field 220923b |||||||| |||| 00| 0 eng d
037 ## - SOURCE OF ACQUISITION
Terms of availability General Book
040 ## - CATALOGING SOURCE
Original cataloging agency RTL
Transcribing agency RTL
Language of cataloging eng
041 ## - LANGUAGE CODE
Source of code eng
Language code of text/sound track or separate title eng
100 ## - MAIN ENTRY--PERSONAL NAME
Personal name Brooks David B
9 (RLIN) 233221
245 #0 - TITLE STATEMENT
Title Resource Economics
Remainder of title selected works of orris c.herfindahl
260 ## - PUBLICATION, DISTRIBUTION, ETC.
Place of publication, distribution, etc. America
Name of publisher, distributor, etc. Resources For The Future
Date of publication, distribution, etc. 1974
300 ## - PHYSICAL DESCRIPTION
Extent 316p
Dimensions cm.
942 ## - ADDED ENTRY ELEMENTS (KOHA)
Classification part XxN18Hx, L4
Koha item type General Books
Source of classification or shelving scheme Colon Classification (CC)
Holdings
Withdrawn status Lost status Damaged status Not for loan Home library Current library Date acquired Total Checkouts Full call number Barcode Date last seen Price effective from Koha item type
        Ratan Tata Library Ratan Tata Library 2022-09-25   XxN18Hx L4 RT1117254 2022-09-25 2022-09-25 General Books
Copyright @ Delhi University Library System